Cosmopolitan anxieties : Turkish challenges to citizenship and belonging in Germany
Αποθηκεύτηκε σε:
| Κύριος συγγραφέας: | |
|---|---|
| Μορφή: | Βιβλίο |
| Γλώσσα: | English |
| Δημοσίευση: |
Durham :
Duke University Press,
2008
|
| Θέματα: | |
| Ετικέτες: |
Προσθήκη ετικέτας
Δεν υπάρχουν, Καταχωρήστε ετικέτα πρώτοι!
|
MARC
| LEADER | 00000cam a2200000 i 4500 | ||
|---|---|---|---|
| 001 | 1/3953 | ||
| 008 | 100201s2008 eng d | ||
| 020 | |a 978-08223-4193-2 | ||
| 035 | |l 10106561 | ||
| 040 | |a GR-MY-UA |b gre |e aacr | ||
| 041 | 0 | |a eng | |
| 082 | 0 | |a 323.119435 |2 (22) | |
| 100 | 1 | |a Mandel, Ruth Ellen |d 1955- | |
| 245 | 1 | 0 | |a Cosmopolitan anxieties : |b Turkish challenges to citizenship and belonging in Germany / |c Ruth Mandel |
| 260 | |a Durham : |b Duke University Press, |c 2008 | ||
| 300 | |a xxiv, 413 σ.; |b εικ.; |c 24 εκ. | ||
| 504 | |a Βιβλιογραφία: σ. [359]-402 | ||
| 504 | |a Ευρετήριο: σ. [403]-413 | ||
| 650 | 0 | 0 | |a Citizenship |z Germany. |
| 650 | 0 | 0 | |a Turks |z Germany. |
| 651 | 0 | |a Germany |x Ethnic relations. | |
| 852 | |a INST |b LESVOS |e 20100201 |h 323.119435 MAN |p 005100046033 |q 005100046033 |t BK |y 0 | ||
| 901 | |a BIBL1-2010-1 | ||
| 909 | |a Λ |b 160713 | ||
| 970 | |a ΚΑΡΑ |b ΓΙΑΣΕΜΗ |z 2010/02/01 | ||